| 000 | 01273nam a2200205Ia 4500 | ||
|---|---|---|---|
| 003 | Ost | ||
| 005 | 20260507075037.0 | ||
| 008 | 260507s9999||||xx |||||||||||||| ||und|| | ||
| 040 | _cfsecg | ||
| 041 | _aara | ||
| 082 | _a330 | ||
| 100 |
_aعماري، عمار _eمؤلف |
||
| 245 | 0 |
_aتطبيقات محلولة في الاقتصاد الجزئي / _c عمار عماري |
|
| 260 |
_aعمان: _bدار المناهج, _c2002 |
||
| 300 |
_a256 صفحة؛ _bإيضاحات ؛ _c24 سم |
||
| 504 | _aببلوغرافيا ص. 252؛ ملاحق ص. 255 | ||
| 520 | _aتطبيقات العرض والطلب والتوازن-تطبيقات على حساب المرونات-تطبيقات على توازن السوق-تطبيقات على سلوك المستهلك-نظرية المنفعة-نظرية منحنيات السوء-تطبيقات على سلوك المنتج-نظرية الانتاج-نظرية التكاليف-تطبيقات على توازن المنتج-سوق المنافسة التامة-تطبيقات على توازن المنتج-سوق الاحتكار المطلق-سوق المنافسة الاحتكارية-سوق احتكار القلة | ||
| 653 | _aالاقتصاد الجزئي، الأسواق، المحاسبة | ||
| 942 | _cكتاب | ||
| 999 |
_c42472 _d42472 |
||